000 003880000a22001090004500
100 1 _aCook, Elisabeth
245 1 0 _aLa lluvia de Yahvé y la vida en la tierra : un diálogo entre Génesis y Deuteronomio
300 _aVol.26, núm.1 (Primer semestre, 2006), Páginas 47-71
500 _aProfesora de la Escuela de Ciencias Bíblicas en la UBI
773 0 _tVida y Pensamiento
942 _cANA
999 _c61525
_d61525